[Event "54smm A Arci-Ehrenburg"]
[Site "?"]
[Date "2022.12.17"]
[Round "4.2"]
[White "De Vita, Gianni"]
[Black "Hengl, Christian"]
[Result "0-1"]
[WhiteElo "1959"]
[BlackElo "2136"]
[PlyCount "32"]
[EventDate "2022.12.19"]

1. e4 e5 2. Nf3 Nc6 3. d4 exd4 4. c3 d5 5. exd5 Qxd5 6. cxd4 Bb4+ 7. Nc3 Bg4 8.
Be2 Bxf3 9. Bxf3 Qc4 10. Bxc6+ bxc6 11. Kd2 O-O-O 12. Qg4+ Kb7 13. Qxg7 Ne7 14.
Kc2 Nf5 15. Qf6 Nxd4+ 16. Kd1 Bxc3 0-1

[Event "54smm A Arci-Ehrenburg"]
[Site "?"]
[Date "2022.12.17"]
[Round "4.3"]
[White "Jedinger, Andreas"]
[Black "Zammarchi, Massimo"]
[Result "1-0"]
[WhiteElo "2107"]
[BlackElo "1936"]
[PlyCount "101"]
[EventDate "2022.12.19"]

1. e4 e5 2. Nf3 Nc6 3. Bb5 a6 4. Ba4 Nf6 5. O-O Be7 6. Re1 b5 7. Bb3 O-O 8. h3
d6 9. c3 Na5 10. Bc2 c5 11. d4 Qc7 12. Nbd2 Bd7 13. d5 c4 14. Nf1 Nb7 15. N3h2
Nc5 16. f4 Rab8 17. Nf3 Rfc8 18. Kh2 a5 19. fxe5 dxe5 20. Bg5 Qd6 21. Ng3 b4
22. Nd2 Qa6 23. Nf3 Qd6 24. Rf1 bxc3 25. bxc3 Rb2 26. Bc1 Rb7 27. Qe2 Nd3 28.
Bd2 Rb2 29. Bxd3 cxd3 30. Qxd3 Bb5 31. c4 Rxc4 32. Qe3 g6 33. Rfc1 Rbc2 34.
Rxc2 Rxc2 35. Qb3 Qc5 36. Be3 Qc3 37. Qxc3 Rxc3 38. Bd2 Ra3 39. Bg5 Kg7 40. Rb1
Bd3 41. Rb7 Bd6 42. Bc1 Ra4 43. Ng5 Nxe4 44. N3xe4 Bxe4 45. Rxf7+ Kg8 46. Rd7
Bf8 47. Rd8 Bf5 48. g4 h6 49. gxf5 hxg5 50. fxg6 Kg7 51. d6 1-0

[Event "54smm A Arci-Ehrenburg"]
[Site "?"]
[Date "2022.12.17"]
[Round "4.4"]
[White "Keim, Simon"]
[Black "Babinetz, Rainer"]
[Result "1-0"]
[WhiteElo "1778"]
[BlackElo "1933"]
[PlyCount "98"]
[EventDate "2022.12.19"]

1. e4 e5 2. Nc3 Nf6 3. f4 Nc6 4. fxe5 Nxe5 5. d4 Ng6 6. e5 Ng8 7. Bc4 Bb4 8.
Nf3 d5 9. exd6 Qxd6 10. O-O Nf6 11. Nb5 Qb6 12. Qe2+ Be7 13. Ne5 a6 14. Bxf7+
Kf8 15. Bxg6 axb5 16. c3 Be6 17. Bd3 c5 18. Be3 c4 19. Bf5 Bxf5 20. Rxf5 Qe6
21. Rf2 Ke8 22. Qf3 Qd5 23. Qh3 Kd8 24. Ng6 Re8 25. Nf4 Qd7 26. Qf3 g5 27. Nh5
Nd5 28. Qg3 h6 29. Bd2 Bd6 30. Qf3 Rf8 31. Qxf8+ Bxf8 32. Rxf8+ Kc7 33. Rxa8 b4
34. Rg8 Kb6 35. Rg6+ Ka7 36. Rxh6 Qg4 37. Nf6 Nxf6 38. Rxf6 Qe2 39. Rf2 Qd3 40.
Rc1 g4 41. Bf4 Qe4 42. Rd1 bxc3 43. bxc3 Qd5 44. Re2 Qa5 45. Rc1 Qf5 46. Bg3
Qd3 47. Rcc2 b5 48. Red2 Qe4 49. d5 Kb6 1-0

[Event "54smm A Arci-Ehrenburg"]
[Site "?"]
[Date "2022.12.17"]
[Round "4.5"]
[White "Steger, Gerhard"]
[Black "Pichler, Klaus"]
[Result "0-1"]
[WhiteElo "1926"]
[BlackElo "1715"]
[PlyCount "124"]
[EventDate "2022.12.19"]

1. Nc3 f5 2. e4 fxe4 3. d3 Nf6 4. dxe4 e5 5. a3 Bc5 6. Bc4 Nc6 7. Nf3 d6 8. Ng5
Qe7 9. Bf7+ Kd8 10. Bd5 Rf8 11. O-O Bg4 12. Qd3 h6 13. Qb5 hxg5 14. Qxb7 Na5
15. Qa6 c6 16. Ba2 Bb6 17. Bxg5 Kc7 18. b4 Nb7 19. Qc4 Qd7 20. h3 Bh5 21. Bxf6
gxf6 22. Nd5+ Kd8 23. Nxb6 axb6 24. Qd3 Bf7 25. c4 Ke7 26. f4 c5 27. Qf3 Be6
28. f5 Bf7 29. Rfd1 cxb4 30. axb4 Qa4 31. Qc3 Qc6 32. Qe3 Ra4 33. Bb3 Rxb4 34.
Ra7 Rb8 35. Kh2 Qc5 36. Qxc5 bxc5 37. Rd3 Kd7 38. Rg3 Kc7 39. Ra6 Rg8 40. Rc3
Rxb3 41. Rxb3 Bxc4 42. Raa3 Bxb3 43. Rxb3 Kc6 44. g4 c4 45. Rg3 Nc5 46. Re3 Nd3
47. Kg3 Kc5 48. h4 Kd4 49. Re2 c3 50. g5 fxg5 51. h5 Nf4 52. Rh2 Kd3 53. h6 c2
54. Rh1 c1=Q 55. Rxc1 Ne2+ 56. Kg4 Nxc1 57. f6 Ne2 58. f7 Rf8 59. h7 Kxe4 60.
Kxg5 Nf4 61. Kf6 Kd5 62. Kg7 Ne6+ 0-1

[Event "54smm A Arci-Ehrenburg"]
[Site "?"]
[Date "2022.12.17"]
[Round "4.6"]
[White "Borgese, Alessio"]
[Black "Gruber, Alexander"]
[Result "0-1"]
[WhiteElo "1645"]
[BlackElo "1837"]
[PlyCount "66"]
[EventDate "2022.12.19"]

1. d4 e6 2. Nc3 d5 3. Bf4 Nf6 4. e3 c5 5. Nb5 Na6 6. c3 Qb6 7. a4 c4 8. b3 cxb3
9. Qxb3 Be7 10. Nc7+ Nxc7 11. Qxb6 axb6 12. Bxc7 Bd7 13. Bxb6 Rxa4 14. Rxa4
Bxa4 15. Bd3 O-O 16. Ne2 Bd6 17. O-O Bc6 18. c4 dxc4 19. Bxc4 Ra8 20. Nc3 Nd7
21. Rb1 Nxb6 22. Rxb6 Ra1+ 23. Rb1 Rxb1+ 24. Nxb1 Bb4 25. Kf1 Be4 26. Ba2 Bd3+
27. Kg1 b5 28. f3 Bc4 29. Nc3 Bxc3 30. Bb1 Bb3 31. Kf2 Bd1 32. h4 b4 33. e4 b3
0-1

[Event "54smm A Brixen/Milland-Merania"]
[Site "?"]
[Date "2023.01.07"]
[Round "5.2"]
[White "Sader, Michael"]
[Black "Teutsch, Alexander"]
[Result "0-1"]
[WhiteElo "2092"]
[BlackElo "2054"]
[PlyCount "64"]
[EventDate "2023.01.07"]

{[%evp 0,64,33,-20,-15,-23,-6,-47,9,-3,-11,-41,-20,-18,-19,-1,-7,-2,87,28,39,
36,73,20,104,102,116,96,111,111,101,23,-19,-145,-169,-169 ,-119,-119,-66,-111,
-111,-111,-38,-90,-90,-133,-137,-110,-81,-111,-89,-105,-59,-97,0,6,0,-117,-126,
-131,-138,-208,-198,-198,-22 5,-230,-239]} 1. c4 e5 2. Nc3 Nc6 3. g3 f5 4. Bg2
Nf6 5. Rb1 Bc5 6. a3 a5 7. e3 O-O 8. Nge2 Qe8 9. O-O d6 10. d4 Ba7 11. b4 f4
12. b5 Nd8 13. dxe5 dxe5 14. exf4 Qh5 15. fxe5 Ng4 16. h3 Nxf2 17. Rxf2 Bxf2+
18. Kh2 Bg4 19. Qd5+ Be6 20. Qe4 Qf7 21. Nd5 c6 22. Ne3 Bxe3 23. Qxe3 Bxc4 24.
bxc6 bxc6 25. Nf4 g5 26. e6 Nxe6 27. Nxe6 Qxe6 28. Qxg5+ Qg6 29. Qxg6+ hxg6 30.
Rb6 Rf2 31. Kg1 Rc2 32. Bf4 Re8 0-1

[Event "54smm A Brixen/Milland-Merania"]
[Site "?"]
[Date "2023.01.07"]
[Round "5.4"]
[White "Wisthaler, Lukas"]
[Black "Zuev, Mikhail"]
[Result "0-1"]
[WhiteElo "1855"]
[BlackElo "1726"]
[PlyCount "42"]
[EventDate "2023.01.07"]

{[%evp 0,42,28,31,8,19,22,-30,12,31,43,19,19,-27,-1,-23,8,8,13,-27,-14,-58,-49,
-54,-58,-47,-66,-90,-90,-113,-103,-111,-103,-144,-146,- 146,-203,-320,-297,
-465,-345,-537,-531,-531,-523]} 1. e4 e5 2. Nf3 Nc6 3. d4 exd4 4. Nxd4 Bc5 5.
Nb3 Bb6 6. Be2 Nf6 7. Nc3 h6 8. O-O O-O 9. Bf3 Ne5 10. Na4 Re8 11. Nxb6 Nxf3+
12. gxf3 axb6 13. c4 d6 14. Qd3 Bh3 15. Re1 Nh5 16. f4 Qh4 17. Qf3 Re6 18. f5
Bxf5 19. Qxf5 Rf6 20. Qxf6 Nxf6 21. Be3 Ng4 0-1

[Event "54smm A Brixen/Milland-Merania"]
[Site "?"]
[Date "2023.01.07"]
[Round "5.5"]
[White "Battiston, Claudio"]
[Black "Paulmichl, Martin"]
[Result "1/2-1/2"]
[WhiteElo "1806"]
[BlackElo "1868"]
[PlyCount "90"]
[EventDate "2023.01.07"]

{[%evp 0,90,22,22,47,39,51,31,31,-12,-4,7,7,10,21,29,26,-29,-15,-6,13,21,47,44,
44,44,47,50,41,39,53,61,58,58,53,46,43,43,47,36,49,35,5 4,60,45,10,7,11,6,7,7,
7,17,-25,14,18,16,14,0,0,-8,0,0,0,0,0,0,0,21,8,25,-19,0,0,0,0,0,0,0,0,0,0,0,0,
0,0,0,0,0,0,0,-17,-41]} 1. e4 e6 2. d4 d5 3. e5 c5 4. c3 Qb6 5. Nf3 Nc6 6. a3
Nh6 7. b4 cxd4 8. cxd4 Nf5 9. Bb2 Be7 10. Bd3 Bd7 11. Bxf5 exf5 12. Nc3 Be6 13.
O-O O-O 14. Na4 Qd8 15. Rc1 Rc8 16. Nc5 b6 17. Nxe6 fxe6 18. Qd3 Qd7 19. Rc2
Nb8 20. Rfc1 a6 21. h3 b5 22. Rxc8 Rxc8 23. Rxc8+ Qxc8 24. Nd2 Nd7 25. Nb3 Qc4
26. Nc5 Bxc5 27. Qxc4 dxc4 28. dxc5 Nb8 29. Kf1 Kf7 30. Ke2 Ke7 31. f4 Kd7 32.
Ke3 Kc6 33. Kd4 Nd7 34. Bc1 a5 35. Bd2 axb4 36. axb4 Nb8 37. Be3 h5 38. g3 Na6
39. Bd2 Nc7 40. h4 Nd5 41. Be1 g6 42. Bd2 Ne7 43. Bc3 Ng8 44. Bd2 Nh6 45. Bc3
Ng4 1/2-1/2

[Event "54smm A Brixen/Milland-Merania"]
[Site "?"]
[Date "2023.01.07"]
[Round "5.6"]
[White "Ellemund, Gabriel"]
[Black "Kaserer, Hanspeter"]
[Result "1-0"]
[WhiteElo "1749"]
[BlackElo "1663"]
[PlyCount "114"]
[EventDate "2023.01.07"]

{[%evp 0,114,22,25,25,18,45,37,27,63,53,54,54,28,7,7,32,2,27,-7,13,5,49,8,45,
16,9,12,12,9,19,-18,-21,-17,3,-2,0,-64,-40,-20,29,32,141, 114,142,142,142,147,
226,165,167,129,169,209,282,258,258,303,414,500,360,481,481,505,712,754,757,
765,959,587,597,327,316,321,332 ,216,228,230,245,260,249,263,260,261,276,270,
270,270,309,313,298,311,315,277,273,280,302,329,330,336,345,348,353,334,349,
349,42 0,437,435,438,444,466,738,1016,1016,1032,1032]} 1. d4 Nf6 2. Bf4 d6 3.
e3 Nbd7 4. Nf3 g6 5. Be2 Bg7 6. h3 O-O 7. O-O Re8 8. Bh2 c5 9. c3 Qb6 10. Qc2
e5 11. a4 e4 12. Nfd2 d5 13. Na3 a6 14. a5 Qc6 15. b4 c4 16. Qb2 b5 17. axb6
Qxb6 18. Naxc4 dxc4 19. Nxc4 Qc6 20. Nd6 Bf8 21. Nxe8 Nxe8 22. c4 Bg7 23. Qb3
Qb7 24. Rfc1 Nb6 25. b5 Be6 26. bxa6 Rxa6 27. Rxa6 Qxa6 28. d5 Bxd5 29. cxd5
Qxe2 30. Qxb6 Qd2 31. Qc6 Nf6 32. Qc8+ Bf8 33. Bd6 Nd7 34. Ra1 Qxd5 35. Bxf8
Nxf8 36. Ra8 Qd6 37. Qd8 Qxd8 38. Rxd8 f5 39. g4 Kf7 40. gxf5 gxf5 41. Kg2 Ne6
42. Ra8 Ng5 43. Ra6 Nf3 44. Kg3 Ng5 45. Ra7+ Kg6 46. h4 Ne6 47. Re7 Nc5 48. Re5
Nd3 49. Re6+ Kf7 50. Rd6 Kg7 51. f3 Ne5 52. fxe4 Nf7 53. Rd7 fxe4 54. Kf4 Kf6
55. Kxe4 Nh8 56. Rxh7 Ng6 57. Rh6 Kg7 1-0

[Event "54smm A Deutschnofen-Naturns"]
[Site "?"]
[Date "2023.01.07"]
[Round "5.1"]
[White "Unterthurner, Hans"]
[Black "Zamengo, Fulvio"]
[Result "0-1"]
[WhiteElo "1915"]
[BlackElo "2330"]
[PlyCount "52"]
[EventDate "2023.01.07"]

1. e4 e6 2. d4 d5 3. Nc3 Nf6 4. Bg5 dxe4 5. Bxf6 gxf6 6. Nxe4 f5 7. Nc3 Bg7 8.
Nf3 c5 9. dxc5 O-O 10. Bd3 Nd7 11. O-O Nxc5 12. Re1 Nxd3 13. cxd3 b6 14. d4 Bb7
15. Ne5 Qg5 16. g3 Qd8 17. f4 Qe7 18. Qa4 Rac8 19. Rad1 Ba8 20. Qa6 Qb4 21. Rd2
f6 22. a3 Qd6 23. Nc4 Qc6 24. Ne3 Qh1+ 25. Kf2 Qxh2+ 26. Kf1 Qxd2 0-1

[Event "54smm A Deutschnofen-Naturns"]
[Site "?"]
[Date "2023.01.07"]
[Round "5.3"]
[White "Gurschler, Thomas"]
[Black "Gennari, Jacopo"]
[Result "1/2-1/2"]
[WhiteElo "1840"]
[BlackElo "2113"]
[PlyCount "80"]
[EventDate "2023.01.07"]

1. d4 d5 2. Bf4 c5 3. e3 Nc6 4. Nf3 cxd4 5. exd4 Bf5 6. c3 f6 7. h3 g5 8. Bh2
h5 9. Bd3 Nh6 10. Bxf5 Nxf5 11. Qd3 e6 12. Na3 Bxa3 13. bxa3 Qa5 14. O-O Kf7
15. c4 g4 16. Nd2 dxc4 17. Nxc4 Qd5 18. hxg4 hxg4 19. Ne3 Nxe3 20. fxe3 g3 21.
Bxg3 Rag8 22. Rf3 Ne5 23. Rxf6+ Kxf6 24. Bxe5+ Ke7 25. Qc2 Rh5 26. Rf1 Rf5 27.
Bf4 Qc6 28. Qd2 Kd7 29. Rc1 Rxg2+ 30. Qxg2 Qxc1+ 31. Kh2 Rh5+ 32. Kg3 Qh1 33.
Qxh1 Rxh1 34. Bb8 a6 35. Kf4 b5 36. Ke4 Ra1 37. Ke5 Rxa2 38. Bd6 Re2 39. e4
Rxe4+ 40. Kxe4 Kxd6 1/2-1/2

[Event "54smm A Deutschnofen-Naturns"]
[Site "?"]
[Date "2023.01.07"]
[Round "5.4"]
[White "Thurner, Markus"]
[Black "Gurschler, Gregor"]
[Result "1-0"]
[WhiteElo "1891"]
[BlackElo "1802"]
[PlyCount "45"]
[EventDate "2023.01.07"]

1. e4 e5 2. Nf3 d6 3. Bc4 Be7 4. d4 exd4 5. Nxd4 Nf6 6. Nc3 O-O 7. f3 Nc6 8.
Be3 Nxd4 9. Qxd4 Be6 10. O-O a6 11. a4 Qd7 12. Rad1 Qc6 13. Bd5 Bxd5 14. exd5
Qd7 15. Rfe1 Rfb8 16. b3 Qd8 17. Bc1 Nd7 18. Ne4 Kf8 19. f4 Bf6 20. Qd3 g6 21.
Qh3 Kg7 22. Nxf6 Nxf6 23. Bb2 1-0

[Event "54smm A Deutschnofen-Naturns"]
[Site "?"]
[Date "2023.01.07"]
[Round "5.5"]
[White "Wielander, Wolfgang"]
[Black "Gibitz, Othmar"]
[Result "1/2-1/2"]
[WhiteElo "1529"]
[BlackElo "1632"]
[PlyCount "26"]
[EventDate "2023.01.07"]

1. e4 e5 2. d4 exd4 3. Nf3 Bb4+ 4. c3 dxc3 5. Nxc3 Nf6 6. Bd3 O-O 7. O-O h6 8.
Bd2 d6 9. Re1 Bg4 10. Rc1 Nc6 11. Bb1 Ne5 12. a3 Ba5 13. b4 Bb6 1/2-1/2

[Event "54smm A Deutschnofen-Naturns"]
[Site "?"]
[Date "2023.01.07"]
[Round "5.6"]
[White "Hofer, Alois"]
[Black "Nischler, Hermann"]
[Result "1-0"]
[WhiteElo "1669"]
[BlackElo "1335"]
[PlyCount "107"]
[EventDate "2023.01.07"]

1. e4 d5 2. exd5 Nf6 3. Nf3 Nxd5 4. d4 g6 5. c4 Nf6 6. h3 Bg7 7. Be3 O-O 8. Be2
Nc6 9. O-O e6 10. Nc3 a6 11. Qd2 Bd7 12. Bh6 Qe7 13. Bxg7 Kxg7 14. Rfe1 Qd8 15.
Rad1 Ne7 16. Ne5 c6 17. Bf3 Nf5 18. Qf4 Bc8 19. g4 Nd6 20. Kg2 h6 21. h4 Nh7
22. Rh1 f6 23. c5 fxe5 24. Qxe5+ Qf6 25. cxd6 Qxe5 26. dxe5 Bd7 27. Kg3 Rf7 28.
Rhf1 Raf8 29. Bg2 g5 30. h5 Rf4 31. Rd3 R4f7 32. Rf3 Rxf3+ 33. Bxf3 Rf4 34. Be4
Nf8 35. f3 Rf7 36. Rd1 Rf4 37. Ne2 Rf7 38. Rd3 Bc8 39. Nd4 Rf4 40. a4 Bd7 41.
b4 Bc8 42. Ne2 Rf7 43. Nd4 Kh8 44. Rc3 Nd7 45. b5 axb5 46. axb5 Nxe5 47. bxc6
bxc6 48. Nxc6 Nxc6 49. Bxc6 Bd7 50. Bxd7 Rxd7 51. Rc8+ Kg7 52. Rc7 Rf7 53. d7
Rxd7 54. Rxd7+ 1-0

[Event "54smm A Ehrenburg-Richter/Lask"]
[Site "?"]
[Date "2023.01.07"]
[Round "5.1"]
[White "Moncher, Stefano"]
[Black "Hengl, Christian"]
[Result "1/2-1/2"]
[WhiteElo "2169"]
[BlackElo "2136"]
[PlyCount "40"]
[EventDate "2023.01.07"]

1. e4 c6 2. d4 d5 3. Nc3 dxe4 4. Nxe4 Bf5 5. Ng3 Bg6 6. Bc4 e6 7. N1e2 Bd6 8.
Bf4 Nf6 9. Qd2 Nd5 10. Bxd6 Qxd6 11. O-O Nd7 12. c3 N7f6 13. Bd3 Bxd3 14. Qxd3
O-O 15. c4 Nf4 16. Nxf4 Qxf4 17. Rad1 Rad8 18. Qe3 Qc7 19. Ne4 Nxe4 20. Qxe4
Rd7 1/2-1/2

[Event "54smm A Ehrenburg-Richter/Lask"]
[Site "?"]
[Date "2023.01.07"]
[Round "5.2"]
[White "Jedinger, Andreas"]
[Black "Bodrov, Timofey"]
[Result "0-1"]
[WhiteElo "2107"]
[BlackElo "2104"]
[PlyCount "86"]
[EventDate "2023.01.07"]

1. e4 c5 2. Nf3 e6 3. d4 cxd4 4. Nxd4 Nf6 5. Nc3 d6 6. g4 a6 7. g5 Nfd7 8. Be3
b5 9. Bg2 Bb7 10. a3 Nb6 11. Qe2 N8d7 12. h4 Rc8 13. h5 Nc4 14. Bc1 Qb6 15. Nb3
Be7 16. Rh3 O-O 17. Nd2 Nce5 18. f4 Nc6 19. Nf3 b4 20. axb4 Nxb4 21. Kd1 d5 22.
Be3 Qc7 23. e5 Nc5 24. Nd4 Ne4 25. Nxe4 dxe4 26. c3 Nd3 27. g6 Bd5 28. gxh7+
Kh8 29. Bc1 Rfd8 30. Kc2 Bc4 31. Qxe4 Nf2 32. Qe3 Nxh3 33. h6 g6 34. Bxh3 Rxd4
35. Qxd4 Rd8 36. Qe3 Bc5 37. Qf3 Bd3+ 38. Qxd3 Rxd3 39. Kxd3 Qc6 40. Bg4 Qd5+
41. Kc2 Qg2+ 42. Kb3 Qxg4 43. Rxa6 Qd1+ 0-1

[Event "54smm A Ehrenburg-Richter/Lask"]
[Site "?"]
[Date "2023.01.07"]
[Round "5.3"]
[White "Bevilacqua, Maurizio"]
[Black "Hengl, Philip"]
[Result "0-1"]
[WhiteElo "2084"]
[BlackElo "1935"]
[PlyCount "82"]
[EventDate "2023.01.07"]

1. d4 d5 2. Nf3 Nf6 3. c4 e6 4. g3 Be7 5. Bg2 O-O 6. Qc2 c6 7. Nbd2 b6 8. b3
Bb7 9. Bb2 a5 10. a3 Nbd7 11. O-O c5 12. Rfd1 Bd6 13. e3 Qc7 14. cxd5 exd5 15.
Rac1 Rac8 16. dxc5 bxc5 17. Bh3 Rcd8 18. Nd4 Rfe8 19. Nb5 Qc6 20. Nxd6 Qxd6 21.
Bg2 Qb6 22. Bxf6 Qxf6 23. Qd3 a4 24. Qb5 Bc6 25. Qd3 axb3 26. Qxb3 c4 27. Qc3
Ba4 28. Re1 Ne5 29. Rf1 Nd3 30. Qxf6 gxf6 31. Rc3 Nc5 32. Rb1 Nb3 33. Nf3 Kf8
34. h4 Ke7 35. Nd4 Kd6 36. Rb2 Nxd4 37. exd4 Rb8 38. Rd2 Re1+ 39. Kh2 Rb3 40.
Rdc2 Rd1 41. Bxd5 Rxc3 0-1

[Event "54smm A Ehrenburg-Richter/Lask"]
[Site "?"]
[Date "2023.01.07"]
[Round "5.4"]
[White "Babinetz, Rainer"]
[Black "Buglisi, Massimo"]
[Result "1-0"]
[WhiteElo "1933"]
[BlackElo "1909"]
[PlyCount "117"]
[EventDate "2023.01.07"]

1. d4 c5 2. d5 Nf6 3. c4 b5 4. cxb5 a6 5. b6 e6 6. Nc3 Nxd5 7. Nxd5 exd5 8.
Qxd5 Nc6 9. Nf3 Rb8 10. Ne5 Qf6 11. Nxc6 dxc6 12. Qe4+ Be7 13. e3 Bf5 14. Qf4
Rxb6 15. e4 Be6 16. Qe3 Qd4 17. Qxd4 cxd4 18. Bd3 Kd7 19. f4 f6 20. b3 Bb4+ 21.
Ke2 Rhb8 22. Bb2 c5 23. Rhc1 Rc8 24. Bc4 Re8 25. Bd3 Bd5 26. a3 Bxe4 27. axb4
Bxd3+ 28. Kxd3 Re3+ 29. Kc4 Rxb4+ 30. Kxc5 Rexb3 31. Bxd4 Rb5+ 32. Kc4 R5b4+
33. Kd5 Rd3 34. Rc4 Rb5+ 35. Ke4 Rdb3 36. Rc5 R3b4 37. Kd5 Rb6 38. Ke4 Re6+ 39.
Kd3 Rd6 40. Rc4 Rb2 41. Rg1 g5 42. Ke4 Re2+ 43. Kf3 Rd2 44. Ke3 Ra2 45. h3 Re6+
46. Kf3 Ra3+ 47. Kg4 Re4 48. Bc5 Rxc4 49. Bxa3 Rxf4+ 50. Kg3 h5 51. Rd1+ Kc6
52. Be7 h4+ 53. Kh2 g4 54. Rd6+ Kb5 55. hxg4 Rxg4 56. Bxf6 a5 57. Rd5+ Kb6 58.
Bd8+ Kc6 59. Rxa5 1-0

[Event "54smm A Ehrenburg-Richter/Lask"]
[Site "?"]
[Date "2023.01.07"]
[Round "5.5"]
[White "Kowalczyk, Martin"]
[Black "Gruber, Alexander"]
[Result "0-1"]
[WhiteElo "1782"]
[BlackElo "1837"]
[PlyCount "94"]
[EventDate "2023.01.07"]

1. e4 e6 2. b3 d5 3. Bb2 c5 4. Bb5+ Nc6 5. exd5 exd5 6. Nf3 Nf6 7. Qe2+ Qe7 8.
Bxf6 Qxe2+ 9. Bxe2 gxf6 10. Nc3 Be6 11. O-O-O O-O-O 12. Rde1 Bg7 13. g4 Ne5 14.
Nh4 Bh6 15. h3 Rhe8 16. Ng2 d4 17. Ne4 Bd5 18. f3 Bxe4 19. fxe4 d3 20. cxd3
Nxd3+ 21. Bxd3 Rxd3 22. Re2 Red8 23. Ne3 Rxd2 24. Rxd2 Bxe3 25. Rhd1 Rxd2 26.
Rxd2 b5 27. Kc2 Bxd2 28. Kxd2 Kd7 29. Kc3 Kd6 30. Kd3 Ke5 31. Ke3 h6 32. a3 c4
33. bxc4 bxc4 34. a4 c3 35. Kd3 c2 36. Kxc2 Kxe4 37. Kc3 Kf4 38. Kd4 f5 39.
gxf5 Kxf5 40. a5 Kf4 41. a6 f5 42. Kc5 Kg3 43. Kc6 f4 44. Kb7 f3 45. Kxa7 f2
46. Kb8 f1=Q 47. a7 Qa6 0-1

[Event "54smm A Ehrenburg-Richter/Lask"]
[Site "?"]
[Date "2023.01.07"]
[Round "5.6"]
[White "Mairhofer, Lino"]
[Black "Pardeller, Arthur"]
[Result "1/2-1/2"]
[WhiteElo "1740"]
[BlackElo "1554"]
[PlyCount "58"]
[EventDate "2023.01.07"]

1. e4 c5 2. d4 cxd4 3. c3 dxc3 4. Nxc3 Nc6 5. Nf3 d6 6. Bc4 h6 7. h3 e6 8. Qe2
Nge7 9. Bf4 e5 10. Bg3 Ng6 11. O-O Be7 12. Rfd1 O-O 13. Rac1 a6 14. a4 Be6 15.
Nd5 Bxd5 16. Bxd5 Qb6 17. Rc3 Nb4 18. Bb3 Rac8 19. Rdc1 Rc6 20. Nd2 Rfc8 21.
Qf3 Nh8 22. Nc4 Qc7 23. a5 Rc5 24. Nb6 Rd8 25. Rxc5 dxc5 26. Nd5 Nxd5 27. Bxd5
Bg5 28. Rd1 Kf8 29. Qc3 Ng6 1/2-1/2

[Event "54smm A Groeden-Kaltern/Tramin"]
[Site "?"]
[Date "2023.01.07"]
[Round "5.1"]
[White "Bertagnolli, Alexander"]
[Black "Moroder, Stephan"]
[Result "1/2-1/2"]
[WhiteElo "2341"]
[BlackElo "2146"]
[PlyCount "70"]
[EventDate "2023.01.07"]

1. d4 Nf6 2. Bg5 Ne4 3. Bf4 c5 4. f3 Qa5+ 5. c3 Nf6 6. Nd2 cxd4 7. Nb3 Qb6 8.
Qxd4 Nc6 9. Qxb6 axb6 10. Nd4 e5 11. Nxc6 exf4 12. Nd4 Bc5 13. Nh3 Nd5 14. e4
fxe3 15. Bc4 Nc7 16. O-O-O O-O 17. Nf4 b5 18. Nxb5 Nxb5 19. Bxb5 Rxa2 20. Kb1
Ra7 21. Bxd7 b5 22. Bxc8 Rxc8 23. Rd3 b4 24. cxb4 Bxb4 25. Nd5 Rca8 26. Kc2
Rc8+ 27. Kb3 Bc5 28. Nxe3 g6 29. Rhd1 Rb7+ 30. Ka2 Bxe3 31. Rxe3 Rc2 32. Rb3
Ra7+ 33. Ra3 Rb7 34. Rb3 Ra7+ 35. Ra3 Rb7 1/2-1/2

[Event "54smm A Groeden-Kaltern/Tramin"]
[Site "?"]
[Date "2023.01.07"]
[Round "5.2"]
[White "Demetz, Rainer"]
[Black "Zucchelli, Massimo"]
[Result "1-0"]
[WhiteElo "2174"]
[BlackElo "2128"]
[PlyCount "81"]
[EventDate "2023.01.07"]

1. e4 e6 2. d3 c5 3. Nf3 Nc6 4. g3 g6 5. d4 cxd4 6. Nxd4 Bg7 7. Nb5 Nge7 8.
Nd6+ Kf8 9. Bg2 Qc7 10. O-O Nd4 11. Nxc8 Rxc8 12. c3 Ndc6 13. Na3 a6 14. Bf4
Ne5 15. Qd2 Rd8 16. Rad1 Nc8 17. Bh6 Bxh6 18. Qxh6+ Ke7 19. f4 Nc4 20. Qh4+ Ke8
21. Qf6 Rg8 22. f5 Ne5 23. fxe6 Qb6+ 24. Rf2 Qxe6 25. Qf4 g5 26. Qf5 Ne7 27.
Qxh7 Qxa2 28. Nc2 Ng4 29. Rf5 Qe6 30. Rdf1 Rf8 31. Qh5 Qb6+ 32. Nd4 Nxf5 33.
Rxf5 d6 34. Qxg4 Qxb2 35. Rf3 Qd2 36. Qf5 Rd7 37. Bh3 Rc7 38. Ne6 Qc1+ 39. Bf1
Rxc3 40. Ng7+ Ke7 41. Qf6+ 1-0

[Event "54smm A Groeden-Kaltern/Tramin"]
[Site "?"]
[Date "2023.01.07"]
[Round "5.3"]
[White "Thaler, Elmar"]
[Black "Bernardi, Ruben"]
[Result "0-1"]
[WhiteElo "1763"]
[BlackElo "2032"]
[PlyCount "78"]
[EventDate "2023.01.07"]

1. d4 e6 2. c4 f5 3. Nf3 Nf6 4. g3 b6 5. Bg2 Bb7 6. O-O Nc6 7. Nc3 Bb4 8. Qc2
O-O 9. a3 Bxc3 10. Qxc3 Ne4 11. Qc2 Ne7 12. Ng5 Nd6 13. c5 Bxg2 14. cxd6 Bxf1
15. dxe7 Qxe7 16. Kxf1 Rac8 17. Nf3 c5 18. Bg5 Qe8 19. Qa4 d6 20. Qxe8 Rfxe8
21. Rd1 h6 22. Bd2 Kf7 23. Bc3 c4 24. Re1 g5 25. e4 Kg6 26. h4 g4 27. Nd2 d5
28. exf5+ exf5 29. Rxe8 Rxe8 30. Bb4 a5 31. Bd6 Re6 32. Be5 b5 33. Ke2 b4 34.
Kd1 Kf7 35. a4 Rc6 36. Nf1 c3 37. bxc3 Rxc3 38. Ne3 Ke6 39. Bc7 Rxc7 0-1

[Event "54smm A Groeden-Kaltern/Tramin"]
[Site "?"]
[Date "2023.01.07"]
[Round "5.4"]
[White "Moroder, Thomas"]
[Black "Maier, Fridolin"]
[Result "1-0"]
[WhiteElo "1989"]
[BlackElo "1758"]
[PlyCount "97"]
[EventDate "2023.01.07"]

1. e4 e5 2. Nf3 Nc6 3. d4 exd4 4. Nxd4 Bc5 5. Be3 Qf6 6. c3 Nge7 7. Bc4 O-O 8.
O-O Ne5 9. Be2 d6 10. f4 N5g6 11. Qd2 h6 12. f5 Ne5 13. c4 N7c6 14. Nc2 b6 15.
Nc3 Qd8 16. f6 Ng4 17. fxg7 Kxg7 18. Bxc5 bxc5 19. Rf4 Nge5 20. Nd5 Ng6 21. Rf2
Re8 22. Raf1 Nce5 23. Nce3 Be6 24. Nf6 Rh8 25. Nh5+ Kf8 26. Rf6 Ke8 27. Nf5
Bxc4 28. Bxc4 Nxc4 29. Nfg7+ Kd7 30. Rxf7+ Ne7 31. Qd5 Nb6 32. Qe6+ Kc6 33.
Qxe7 Nc4 34. Qxd8 Raxd8 35. Ne6 Rd7 36. Rxd7 Kxd7 37. Nf8+ Kc6 38. b3 Nd2 39.
Rf4 Rxf8 40. Rxf8 Nxe4 41. Rh8 Nc3 42. a3 Nb1 43. a4 Nd2 44. Rb8 d5 45. Kf2 c4
46. bxc4 Nxc4 47. Nf4 d4 48. Ke2 Ne5 49. Rd8 1-0

[Event "54smm A Groeden-Kaltern/Tramin"]
[Site "?"]
[Date "2023.01.07"]
[Round "5.5"]
[White "Martinelli, Michele"]
[Black "Grossi, Christian"]
[Result "0-1"]
[WhiteElo "1704"]
[BlackElo "1885"]
[PlyCount "76"]
[EventDate "2023.01.07"]

1. Nf3 g6 2. d4 Bg7 3. c4 Nf6 4. Nc3 O-O 5. e4 d6 6. Be2 Nc6 7. h3 Re8 8. Be3
e5 9. d5 Nd4 10. O-O c5 11. dxc6 Nxe2+ 12. Qxe2 bxc6 13. Rad1 Ba6 14. b3 d5 15.
exd5 cxd5 16. Bg5 d4 17. Ne4 Qb6 18. Rfe1 Nxe4 19. Qxe4 Bb7 20. Qe2 e4 21. Nh2
h6 22. Bc1 Rad8 23. Bb2 d3 24. Qd2 e3 25. fxe3 Bxb2 26. Qxb2 Rxe3 27. Rxe3
Qxe3+ 28. Qf2 Re8 29. Qxe3 Rxe3 30. Rd2 f5 31. Kf2 f4 32. Ng4 Rg3 33. Nf6+ Kf7
34. Nd5 Bxd5 35. cxd5 Ke7 36. Rd1 Kd6 37. Rc1 Kxd5 38. Rc8 Re3 0-1

[Event "54smm A Groeden-Kaltern/Tramin"]
[Site "?"]
[Date "2023.01.07"]
[Round "5.6"]
[White "Casadio, Lorenzo"]
[Black "Florian, Andreas"]
[Result "1-0"]
[WhiteElo "1832"]
[BlackElo "1633"]
[PlyCount "119"]
[EventDate "2023.01.07"]

1. e4 e6 2. d3 d5 3. Nd2 Nf6 4. Ngf3 c5 5. g3 Nc6 6. Bg2 Be7 7. O-O O-O 8. Re1
b5 9. e5 Nd7 10. Nf1 a5 11. h4 b4 12. c3 bxc3 13. bxc3 Rb8 14. N1h2 Re8 15. Bf4
Ba6 16. Ng5 Nf8 17. Qh5 Bxg5 18. Bxg5 Qc7 19. Qe2 Rb7 20. Rad1 Reb8 21. Bc1 Ng6
22. Nf3 a4 23. Ba3 Qa5 24. Rc1 c4 25. d4 Na7 26. Nh2 Nb5 27. Bb4 Qd8 28. Qe3
Ne7 29. g4 Nc6 30. Bc5 Qxh4 31. g5 Qh5 32. Bf3 Qg6 33. Red1 h6 34. Bg4 Qxg5 35.
f4 Qg6 36. Kf2 Ne7 37. Kf3 Nf5 38. Qf2 Nc7 39. Ba3 Nb5 40. Bc5 Nc7 41. Ba3 h5
42. Bh3 h4 43. Nf1 Nh6 44. Ne3 Nb5 45. Bc5 Qe4+ 46. Ke2 Nxc3+ 47. Rxc3 Rb2+ 48.
Rd2 Rxd2+ 49. Kxd2 Rb2+ 50. Nc2 Rxa2 51. Kc1 Qh1+ 52. Bf1 h3 53. Rxh3 Ng4 54.
Qf3 Qxf3 55. Rxf3 Nh2 56. Rf2 Nxf1 57. Rxf1 c3 58. Rf3 Be2 59. Rxc3 Bc4 60.
Rxc4 1-0